000
00232nam a2200097Ia 4500
001
732066
005
20250826163747.0
008
250824s9999 xx 000 0 und d
245
0
_a
ABŞAR
_c
HASAN SARI
260
_b
ATLI KARINCA YAYINLARI
999
_c
732066
_d
732066